000 00815nam a22002177a 4500
999 _c9696
_d9696
003 AR-CdUCM
008 190328b ||||| |||| 00| 0 spa d
040 _aMUNICIPALIDAD PROVINCIAL DEL CUSCO
_cBIBLIOTECA MUNICIPAL DEL CUSCO
082 _a C / 869.56 /
_bT94H
100 _aCruz Salas i S., J. de la
_c Túpak Amaro
_926068
245 _aHortensia :
_bpoemas /
_cTúpak Amaro
260 _aCusco :
_bEdición popular ;
_c1944.
300 _a[s.n] ;
_c17.5 cm.
500 _aPublicación local, y artesanal. Palabras preliminares de Arturo Castro. Dedicatoria del autor a Gustavo Pérez Ocampo.
650 _aPoetas cusqueños
_95956
650 _aPoesía cusqueña
_92323
650 _aPoesía - Sicuani - Siglo XX
_926069
650 _aTupac Amaro - Poemas
_926070
942 _2ddc
_cLIBROS
945 _alccs